000 00452nam a2200169Ia 4500
008 090711s9999 xx 000 0 und d
082 _b64690
100 _aबांदोडकर व. पु.
245 _aदुभंग
260 _c1990
300 _a203
600 _aबांदोडकर व. पु.
630 _aदुभंग
700 _aबांदोडकर व. पु.
730 _aदुभंग
942 _cBOOK
999 _c298982
_d298982